000 01122nam a2200313Ia 4500
003 OSt
005 20221007123225.0
006 a|||||r|||| 00| 0
007 ta
008 221006b |||||||| |||| 00| 0 eng d
020 _a9810215347 (hbd)
_c
_ 68.00
024 _a3280
037 _bNavayug,
_cTextual
040 _aPAPL
_cPAPL
_beng
041 _2eng
_aeng
082 _aC21, N4
100 _aKorepin Vladimir E
_9716914
245 0 _aExactly solvable models of strongly correlated electrons by Vladimir E Korepin and Fabian H L Essler
_b Essler Fabian H L
260 _aSingapore
_bWorld Scientific
_c1994
300 _a490p
_ccm.
490 _aAdvanced series in mathematical physics
500 _a^mPurchase^n23/CSL/Carpa/95-96/2570^d1995-05-15; ; 95-96/70^b1995-05-34^cP/9^d1995-05-18^eNavayug Traders^f1995-05-24^hLPT; ; 1995-06-09^bSB
650 _a Condensed matter
650 _a Solids
_9519377
650 _aPhysics
700 _a Essler Fabian H L
_9716915
942 _hC21, N4
_cTEXL
_2CC
999 _c1211564
_d1211564